Missing Word: 'K' Names Quiz Stats

 Plays Quiz Updated Jun 20, 2018

Challenge
Share
Tweet
Embed
Score 0/24 Timer 02:00
0 Plays Today
Full Name Missing Name % Correct
John F. _____Kennedy
93.3%
_____ WinsletKate
93.2%
_____ CostnerKevin
91.5%
Clark _____Kent
91.5%
Genghis _____Khan
85.9%
_____ PerryKaty
85.8%
_____ RichardsKeith
83.4%
_____ ReevesKeanu
82.3%
_____ KnightleyKeira
77.5%
Rudyard _____Kipling
73.8%
_____ Abdul-JabbarKareem
70.5%
_____ RogersKenny
70.4%
Full Name Missing Name % Correct
Ben _____Kingsley
57.2%
Charles Foster _____Kane
49.3%
Evel _____Knievel
47.4%
Alex P. _____Keaton
46.7%
Henry _____Knox
44.6%
Boris _____Karloff
39.8%
Anna _____Kournikova
38.3%
Franz _____Kafka
36.7%
_____ AllenKaren
26.3%
DeForest _____Kelley
25.3%
Garrison _____Keillor
23.4%
_____ Józef WojtyłaKarol
17.7%

Today's Daily Dose

You're not logged in!

Compare scores with friends on all Sporcle quizzes.
OR
Log In

You Might Also Like...

Show Comments

Extras

Top Quizzes Today


Score Distribution

Your Account Isn't Verified!

In order to create a playlist on Sporcle, you need to verify the email address you used during registration. Go to your Sporcle Settings to finish the process.

Report this User

Report this user for behavior that violates our Community Guidelines.

Details: